Death and the gilded man

Guardat en:
Dades bibliogràfiques
Autor principal: Dickson, Carter (Autor)
Format: Llibre
Idioma:anglès
Publicat: Nueva York Pocket Book 1947
Col·lecció:A Sir Henry Merrivale Mystery, 478
Matèries:
Etiquetes: Afegir etiqueta
Sense etiquetes, Sigues el primer a etiquetar aquest registre!

MARC

LEADER 00000nam a2200000 a 4500
001 UCZ8422
003 CL-VaPUC
008 960121e19471200US |||||||||||||||||eng|d
082 0 4 |a 813  |b DIC  |2 21 
100 0 |a Dickson, Carter  |e author  |9 353709 
245 1 0 |a Death and the gilded man 
300 |a 216 p 
942 |c BK 
945 |d 19960121 00:00:00  |a cmena 
260 |a Nueva York  |b Pocket Book  |c 1947 
650 0 |a Literatura estadounidense  |9 317168 
650 0 |a Novelas estadounidenses  |9 265217 
583 |a last modification  |c 19960121 00:00:00  |k Rodrigo Vera 
490 0 |a A Sir Henry Merrivale Mystery, 478 
999 |c 244341  |d 244339 
952 |0 0  |1 0  |4 0  |6 813_000000000000000_DIC_1947  |7 0  |8 P  |9 258352  |a BIBEDU  |b BIBEDU  |c BIBEDU_PB  |d 2019-11-19  |i 1618954  |o 813 DIC 1947  |p 1618954  |r 2024-01-25  |w 2019-11-19  |y BK  |k FIL